| 000 | 00615nam a22001697a 4500 | ||
|---|---|---|---|
| 082 | _a005 | ||
| 100 | _aAbdullah, Hammad ; Hasany, Syed Abbas Tariq and Nasim, Muhammad Hamza | ||
| 245 |
_aSuicide Vest Detection Using Deep Learning: _bIn Collaboration with Air Weapons Complex / |
||
| 260 |
_aIslamabad : _bSEECS - NUST, _c2018. |
||
| 300 |
_a25 p. ; _c30cm, _eCD. |
||
| 563 | _aHB | ||
| 650 | _aComputer Science- Project Report | ||
| 700 |
_aWajahat Hussain _930989 |
||
| 856 | _uhttp://10.250.8.41:8080/xmlui/handle/123456789/21869 | ||
| 942 |
_2ddc _cPR |
||
| 999 |
_c536068 _d536068 |
||